Регионална библиотека "Любен Каравелов" - Русе

Богатство (Запис номер 497424)

MARC детайли
000 -Лидер
Лидер 01082nam a2200289 a 4500
003 - Код на организацията, давaща контролен номер
Код на организацията, даваща контролен номер BLK
005 - Дата и час на последна редакция
Дата и час на последна редакция 20250628111656.0
007 - Фиксирано поле за физическо описани
Физическо описание ta
008 - Елементи от данни с фиксирана дължина
Елементи с фиксирана дължина 221104b bu |||||r|||| 00| | bu d
020 ## - Международен стандартен номер на книга ISBN
ISBN 9786190301943
040 ## - Източник на каталожния запис
Код на библиотеката BLK
041 ## - Код за език
Език Български
Език за КДБФ Български
080 ## - УДК
9 (RLIN) 226698
УДК текст Американска литература (на САЩ)
УДК код 821.111(73)
УДК – определител -31
УДК – код + определител 821.111(73)-31
084 ## - Класификационен индекс по друга класификация
Авторски знак Ди - Д 53
100 ## - Редна дума - Автор
R(LIN) 489586
Автор Диас, Ернан
245 ## - Сведения за заглавието
Заглавие Богатство
Авторска отговорност Ернан Диас ; прев. от англ. Елена Кодинова
260 ## - Област на издателските данни
9 (RLIN) 209457
Място на издаване София
Име на издателя Бард
Година на издаване 2023
Печатница София: Алианс принт
300 ## - Физическа характеристика
Брой страници 383 с.
Размер 21 см
380 ## - Жанр
Жанр Худож. лит.
500 ## - Общи забележки
Обща забележка Ориг. загл.: Trust / Hernan Diaz<br/>Биогр. данни за авт. отбелязани на предзагл. с.
700 1# - Други автори (авторска отговорност)
Друг автор Кодинова, Елена Любенова
Дати, свързани с автора 1969-
9 (RLIN) 80337
852 ## - Местоположение
Сигнатура (форматна) Цб 320208
Отдел Хранилище
856 ## - Електронен адрес и достъп
Инструкция (цена за достъп) 0.00
Права за достъп disable
942 ## - АРТИКУЛИ
Вид на библиотечния документ Книги
Скрит в OPAC Не
Koha issues (borrowed), all copies 21
944 ## - СЪЗДАВАНЕ И РЕДАКЦИЯ на ЗАПИСА
Дата на регистрацията/редакция Моника Янева
Служител, извършил регистрацията/редакцията 30575
Номер на служител Мартин Енчев
999 ## - СИСТЕМНИ КОНТРОЛНИ НОМЕРА
Koha biblionumber 497424
Koha biblioitemnumber 497424
999 ## - СИСТЕМНИ КОНТРОЛНИ НОМЕРА
Koha biblioitemnumber 497424
Наличности
Код за отписване Код за изгубен артикул Източник на класификационната схема Код за повреда Коз за рестрикции Код за отдаване Артикулен № Име на библиотеката - собственик Име на библиотеката, в която се намира в момента Статус (Текущо местоположение) Дата на вписване в системата Местоположение - отдел Цена в лева Инвентарен номер Систематично азбучна сигнатура Баркод Цена в евро Служебен тип на артикула
  Не е изгубен Universal Decimal Classification Не е повреден само за читалня ползва се в читалня 935947 Регионална библиотека "Любен Каравелов" Русе Регионална библиотека "Любен Каравелов" Русе Хранилище 2023-11-06 Хранилище 19.99 120000895162 Цб 320208 120000895162 10.22 Книги
  Не е изгубен Universal Decimal Classification Не е повреден   заемане за дома 942207 Регионална библиотека "Любен Каравелов" Русе Регионална библиотека "Любен Каравелов" Русе Заемна - подръчен фонд 2024-04-17 Заемна - подръчен фонд 13.59 120000901231 821-31/Д 53 Е 120000901231 6.95 Книги
  Не е изгубен Universal Decimal Classification Не е повреден   заемане за дома 942208 Регионална библиотека "Любен Каравелов" Русе Регионална библиотека "Любен Каравелов" Русе Заемна - подръчен фонд 2024-04-17 Заемна - подръчен фонд 13.59 120000901230 821-31/Д 53 Е 120000901230 6.95 Книги
Vip Innovations Ltd, Rousse, Bulgaria 2025